000 00304nam a2200121Ia 4500
005 20251222154410.0
008 251222s9999||||xx |||||||||||||| ||spa||
020 _a84-320-9105-7
082 _a828.7/B91/Ej.2
100 _a"Bulwer-Lytton, Edward"
245 0 _aLos Últimos días de Pompeya
942 _cLIB
999 _c35620
_d35620